03317cam a22003735a 4500999001700000001001000017003000400027005001700031008004100048020002500089020002200114040005000136082002100186100002900207245009500236250002400331260005000355300003600405500002900441500005200470500002700522504005300549505101500602520071701617650006502334651001002399653004802409655001702457700003102474942000802505952016002513952012702673952014302800 c20007d19979016743028OSt20181115111911.0140815t2015 enka frbd 001 0 eng d a9781292018218 (pbk.) a1292018216 (pbk.) aStDuBDSbengcStDuBDSdUkdEG-ScBUEdEG-ScBUE04a658.049bGRI2221 aGriffin, Ricky W.92244110aInternational business :ba managerial perspective /cRicky W. Griffin, Michael W. Pustay. a8th ed., Global ed. aHarlow :bPearson Education Limited,cc.2015. a624 p. :bill. (col.) ;c28 cm. aPrevious edition : 2012. aMy Management Lab : student access code inside. aGlossary : p. 592-605. aIncludes bibliographical references and indexes.0 aCh. 1. An overview of international business -- Ch. 2. Global marketplaces and business centers -- Ch. 3. Legal, technological, and political forces -- Ch. 4. The role of culture -- Ch. 5. Ethics and social responsibility in international business -- Ch. 6. International trade and investment -- Ch. 7. The international monetary system and the balance of payments -- Ch. 8. Foreign exchange and international financial markets -- Ch. 9. Formulation of national trade policies -- Ch. 10. International cooperation among nations -- Ch. 11. International strategic management -- Ch. 12. Strategies for analyzing and entering foreign markets -- Ch. 13. International strategic alliances -- Ch. 14. International organization design and control -- Ch. 15. Leadership and employee behavior in international business -- Ch. 16. International marketing -- Ch. 17. International operations management -- Ch. 18. International financial management -- Ch. 19. International human resource management and labor relations. aThis comprehensive overview of international business is divided into various business functions, making it clear and easy to understand. In every chapter "Culture Quest Insights" into culture, geography, and business lead readers to a multi-media experience of a certain country or region that provides useful information on the impact of culture on business. Cases specific to each region or country add to the total reading experience. Topics covered include: the world's marketplaces, the international environment, managing international business and business operations. For CEOs, managers, and other executives who need to understand the cultural mores of the global societies with which they do business. 7aInternational business enterprisesxManagement.2BUEsh94507 2BUEsh bBUSADMcJune2015cOctober2015cNovember2018 vReading book1 a Pustay, Michael W.922443 2ddc 00102ddc40708AlahramaMAINbMAINc1STd2015-06-28ePurchaseg295.00h368.75l4m22o658.049 GRIp000039063r2025-07-15 00:00:00s2018-09-18v339.00yBB 00102ddc40708BaccahaMAINbMAINc1STd2018-11-15ePurchaseg550.00l0o658.049 GRIp000043955r2025-07-15 00:00:00yNB 00102ddc40708BaccahaMAINbMAINc1STd2018-11-15ePurchaseg550.00l1m18o658.049 GRIp000043956r2025-07-15 00:00:00s2019-09-25yBB